[Event "Moscow Open A 2016"]
[Site "Moscow RUS"]
[Date "2016.02.01"]
[Round "3.40"]
[White "Savenkov, Konstantin"]
[Black "Frolyanov, Dmitry"]
[Result "0-1"]
[WhiteTitle "FM"]
[BlackTitle "GM"]
[WhiteElo "2325"]
[BlackElo "2563"]
[WhiteFideId "4138600"]
[BlackFideId "4151976"]
[EventDate "2016.01.30"]

1. Nf3 d5 2. g3 g6 3. Bg2 Bg7 4. d4 Nf6 5. O-O O-O 6. c3 Nbd7 7. Bf4 c5 8. Ne5
Qb6 9. Qb3 Qxb3 10. axb3 cxd4 11. cxd4 Nxe5 12. Bxe5 e6 13. Nc3 Bd7 14. Rfc1 Bc6
15. Na4 Rfc8 16. Nc5 Ne8 17. Bxg7 Kxg7 18. e3 Nd6 19. Bf1 Kf6 20. b4 Ke7 21. Rc3
b6 22. Na6 Ne4 23. Rc2 Kd8 24. b5 Bd7 25. Nb4 Nd6 26. Nc6+ Bxc6 27. bxc6 a5 28.
Bd3 Kc7 29. f3 f5 30. Re1 Rd8 31. e4 dxe4 32. fxe4 fxe4 33. Bxe4 Nxe4 34. Rxe4
Re8 35. Kf2 Rad8 36. Ke3 Rd6 37. Rf4 Re7 38. Ke4 Rxd4+ 39. Kxd4 e5+ 40. Kd5 exf4
41. Rf2 Rf7 42. Rxf4 Rxf4 43. gxf4 a4 44. h4 h5 45. Ke5 b5 0-1

[Event "Moscow Open A 2016"]
[Site "Moscow RUS"]
[Date "2016.02.01"]
[Round "3.41"]
[White "Lintchevski, Daniil"]
[Black "Krylov, Ivan"]
[Result "1/2-1/2"]
[WhiteTitle "GM"]
[BlackTitle "FM"]
[WhiteElo "2563"]
[BlackElo "2322"]
[WhiteFideId "4171055"]
[BlackFideId "24128066"]
[EventDate "2016.01.30"]

1. Nf3 d5 2. d4 c6 3. c4 e6 4. Nbd2 f5 5. g3 Nf6 6. Bg2 Bd6 7. Ne5 O-O 8. O-O b6
9. Ndf3 Bb7 10. Bg5 Qc7 11. cxd5 exd5 12. Rc1 Ne4 13. Bf4 Nd7 14. Nd3 c5 15.
dxc5 bxc5 16. Nd4 Bxf4 17. Nxf4 Qe5 18. Nb3 Rac8 19. Na5 Ba8 20. Nc4 dxc4 21.
Qxd7 Bc6 22. Qe6+ Qxe6 23. Nxe6 Rfe8 24. Nf4 g5 25. Nh3 h6 26. Rfd1 Rcd8 27.
Rxd8 Rxd8 28. f3 Nd6 29. Nf2 Kf7 30. Kf1 Rb8 31. Nd1 Ke6 32. Ke1 f4 33. gxf4
gxf4 34. e3 fxe3 35. Rc3 Nb5 36. Rxe3+ Kf6 37. Re2 Nd4 38. Rd2 Ke5 39. Ne3 c3
40. bxc3 Nxf3+ 41. Bxf3 Bxf3 42. Nc4+ Kf4 43. Kf2 Rg8 44. Ne3 Rb8 45. Nc4 1/2-1/2

[Event "Moscow Open A 2016"]
[Site "Moscow RUS"]
[Date "2016.02.01"]
[Round "3.42"]
[White "Predke, Alexandr"]
[Black "Morozov, Egor"]
[Result "1-0"]
[BlackTitle "FM"]
[WhiteElo "2520"]
[BlackElo "2313"]
[WhiteFideId "24107581"]
[BlackFideId "24102121"]
[EventDate "2016.01.30"]

1. e4 c5 2. Nf3 e6 3. d4 cxd4 4. Nxd4 Nf6 5. Nc3 d6 6. g4 h6 7. h4 Nc6 8. Rg1
Nd7 9. g5 Nde5 10. Be3 a6 11. Be2 Bd7 12. f4 Nxd4 13. Qxd4 Nc6 14. Qd2 b5 15. g6
fxg6 16. Rxg6 b4 17. Na4 Ne7 18. Bh5 Nxg6 19. Bxg6+ Ke7 20. Nb6 Be8 21. Bxe8 Rb8
22. Bg6 Rxb6 23. f5 Rb5 24. O-O-O exf5 25. Bxf5 g6 26. Bg5+ 1-0

[Event "Moscow Open A 2016"]
[Site "Moscow RUS"]
[Date "2016.02.01"]
[Round "3.43"]
[White "Kornev, Alexei"]
[Black "Pirverdiyev, Agil"]
[Result "1/2-1/2"]
[WhiteTitle "GM"]
[WhiteElo "2517"]
[BlackElo "2311"]
[WhiteFideId "4120949"]
[BlackFideId "13400568"]
[EventDate "2016.01.30"]

1. d4 Nf6 2. c4 e6 3. Nc3 Bb4 4. e3 O-O 5. Ne2 d5 6. a3 Bd6 7. c5 Be7 8. Nf4 b6
9. b4 a5 10. Rb1 c6 11. Be2 Ba6 12. Nd3 axb4 13. axb4 Nbd7 14. O-O Bc4 15. Qc2
b5 16. f3 Qc7 17. e4 dxe4 18. fxe4 Rfd8 19. Bf4 Qb7 20. Rbd1 Ra3 21. Nc1 Rxc3
22. Qxc3 Nxe4 23. Qe3 f5 24. g4 Ndf6 25. gxf5 exf5 26. Qh3 Be6 27. Be5 Ng4 28.
Bf4 Ngf6 29. Be5 Ng4 30. Bf4 Ngf6 31. Bf3 Qd7 32. Ne2 Nd5 33. Bxe4 fxe4 34. Qg3
Bg4 35. Rde1 Rf8 36. Be5 Rxf1+ 37. Rxf1 Bg5 38. Nf4 Nxf4 39. Bxf4 Qxd4+ 40. Qf2
Qxf2+ 41. Rxf2 e3 42. Bxg5 exf2+ 43. Kxf2 Kf7 44. Kg3 Bd1 45. h4 Ke6 46. Bd8 Kf5
47. Bc7 1/2-1/2

[Event "Moscow Open A 2016"]
[Site "Moscow RUS"]
[Date "2016.02.01"]
[Round "3.44"]
[White "Rychkov, Oleg"]
[Black "Kharchenko, Boris"]
[Result "1/2-1/2"]
[WhiteTitle "FM"]
[BlackTitle "GM"]
[WhiteElo "2323"]
[BlackElo "2506"]
[WhiteFideId "4122852"]
[BlackFideId "14113210"]
[EventDate "2016.01.30"]

1. e4 c6 2. d4 d5 3. e5 Bf5 4. Nd2 e6 5. Nb3 Nd7 6. Nf3 Ne7 7. Be2 h5 8. h3 Ng6
9. Nh2 h4 10. Ng4 Qc7 11. Ne3 Ne7 12. Bd2 Be4 13. O-O f6 14. f3 Bg6 15. f4 Nf5
16. Nxf5 Bxf5 17. c4 dxc4 18. Na5 Nb6 19. Nxc4 Nd5 20. a4 Be7 21. Qb3 Kf7 22.
Rae1 Rad8 23. Bg4 g6 24. Bf3 Kg7 25. a5 Rb8 26. Rc1 Qd7 27. exf6+ Bxf6 28. Ne5
Qd6 29. Kh1 Rhc8 30. Qa4 Rc7 31. Rc5 a6 32. Bb4 Nxb4 33. Qxb4 Rd8 34. Qb6 Kh7
35. d5 exd5 36. Bxd5 Rf8 37. Rd1 Kg7 38. Bf3 Qe7 39. Bg4 Bxg4 40. hxg4 Rd8 41.
Re1 Rcd7 42. g5 Bxe5 43. Rcxe5 Qf7 44. Qb4 Rd4 45. Qc3 Rd3 46. Qc5 R8d5 47. Rxd5
Rxd5 48. Qc3+ Kg8 49. Re4 Qd7 50. b4 Rd1+ 51. Kh2 Qd3 52. Qxd3 Rxd3 53. Re7 Rd4
54. Rxb7 Rxf4 55. Kh3 Rc4 56. Rb6 c5 57. Rxg6+ Kf7 58. Rxa6 cxb4 59. Rb6 Rc5 60.
a6 Rxg5 61. Rxb4 Ra5 62. Rb7+ Kg6 63. a7 Ra4 64. Kh2 Ra1 65. Kh3 Ra4 66. Rc7 Kf6
67. Rh7 Kg6 1/2-1/2

[Event "Moscow Open A 2016"]
[Site "Moscow RUS"]
[Date "2016.02.01"]
[Round "3.45"]
[White "Lugovskoy, Maxim"]
[Black "Mustaps, Matiss"]
[Result "0-1"]
[WhiteTitle "IM"]
[BlackTitle "FM"]
[WhiteElo "2489"]
[BlackElo "2308"]
[WhiteFideId "24126454"]
[BlackFideId "11602295"]
[EventDate "2016.01.30"]

1. e4 c5 2. c3 Nf6 3. e5 Nd5 4. d4 cxd4 5. cxd4 Nc6 6. Nf3 d6 7. Bc4 Nb6 8. Bb3
Bf5 9. e6 fxe6 10. Ng5 d5 11. g4 h6 12. Nh3 Bxb1 13. Rxb1 Qd6 14. O-O g5 15. Be3
Bg7 16. Kg2 O-O-O 17. Ng1 e5 18. dxe5 Bxe5 19. Bxb6 axb6 20. Nf3 Bf6 21. a4 h5
22. Nd2 hxg4 23. Qxg4+ Kb8 24. Nf3 Ne5 25. Qg3 g4 26. Nd4 Rh3 27. Qe3 Bg5 28.
Qxg5 Nf7 29. Qg8 Qxh2# 0-1

[Event "Moscow Open A 2016"]
[Site "Moscow RUS"]
[Date "2016.02.01"]
[Round "3.46"]
[White "Fakhrutdinov, Timur"]
[Black "Badmatsyrenov, Oleg"]
[Result "0-1"]
[WhiteTitle "FM"]
[BlackTitle "IM"]
[WhiteElo "2320"]
[BlackElo "2473"]
[WhiteFideId "24176702"]
[BlackFideId "24115762"]
[EventDate "2016.01.30"]

1. e4 c5 2. Nf3 Nc6 3. d4 cxd4 4. Nxd4 Nf6 5. Nc3 e5 6. Ndb5 d6 7. Bg5 a6 8. Na3
b5 9. Nd5 Be7 10. Bxf6 Bxf6 11. c4 Nd4 12. Nc2 Bg4 13. Qd2 Bg5 14. Qc3 Nxc2+ 15.
Qxc2 Be6 16. cxb5 Bxd5 17. exd5 O-O 18. Bd3 Rc8 19. Qa4 axb5 20. Bxb5 Qb6 21.
Bc6 Qxb2 22. O-O Rb8 23. Qg4 Bd2 24. a4 Ba5 25. Qd1 f5 26. Rb1 Qc3 27. Qc1 Rxb1
28. Qxb1 e4 29. Rc1 Qd2 30. Rc2 Qd4 31. Rb2 f4 32. Rb5 e3 33. Qf1 Qd2 34. Rxa5
e2 0-1

[Event "Moscow Open A 2016"]
[Site "Moscow RUS"]
[Date "2016.02.01"]
[Round "3.47"]
[White "Dzhangobegov, Vladimir"]
[Black "Seliverstov, Vladimir"]
[Result "0-1"]
[WhiteTitle "FM"]
[BlackTitle "FM"]
[WhiteElo "2314"]
[BlackElo "2449"]
[WhiteFideId "4180984"]
[BlackFideId "4192036"]
[EventDate "2016.01.30"]

1. e4 c5 2. Nc3 d6 3. f4 g6 4. Nf3 Bg7 5. Bc4 Nf6 6. O-O O-O 7. f5 gxf5 8. d3
fxe4 9. dxe4 Bg4 10. Qe1 Nc6 11. Qh4 Bxf3 12. Rxf3 Ne5 13. Rh3 Ng6 14. Qg3 Qd7
15. Bg5 Qg4 16. Rf1 Qxg3 17. Rxg3 Kh8 18. Rh3 Ng4 19. Ne2 N4e5 20. Bb3 c4 21.
Ba4 b5 22. Bxb5 Rfb8 23. Ba4 Rxb2 24. Nd4 Rxa2 25. Bc6 Rb8 26. Bd5 e6 27. Nc6
Nxc6 28. Bxc6 Ne5 29. Bh6 Nxc6 30. Rxf7 Rb1+ 31. Kf2 Rxc2+ 0-1

[Event "Moscow Open A 2016"]
[Site "Moscow RUS"]
[Date "2016.02.01"]
[Round "3.48"]
[White "Gurvich, Vitaly"]
[Black "Ajrapetian, Gevorg"]
[Result "1/2-1/2"]
[WhiteTitle "FM"]
[BlackTitle "IM"]
[WhiteElo "2308"]
[BlackElo "2442"]
[WhiteFideId "24164852"]
[BlackFideId "4174232"]
[EventDate "2016.01.30"]

1. d4 g6 2. c4 Bg7 3. e4 c5 4. d5 d6 5. Nc3 e5 6. Nf3 Ne7 7. h4 h6 8. h5 Nd7 9.
Be2 Nf6 10. Nd2 a6 11. a3 Bd7 12. Rb1 Nxh5 13. Bxh5 gxh5 14. Nf1 Ng6 15. Ne3 h4
16. Nf5 Qf6 17. Qf3 h5 18. b4 cxb4 19. Rxb4 Rc8 20. Rxb7 Nf4 21. O-O Bxf5 22.
exf5 Qxf5 23. Ne4 Rh6 24. Bxf4 Qxf4 25. Qxf4 exf4 26. Re1 Kf8 27. Ng5 Rg6 28.
Rxf7+ Kg8 29. Rf5 Be5 30. Kh1 Rxc4 31. Nf3 h3 32. gxh3 Rc3 33. Rg1 Rxg1+ 34.
Nxg1 h4 35. Kg2 Kg7 36. Nf3 Bf6 37. Rxf4 Rxa3 38. Nxh4 Rd3 39. Nf5+ Kg6 40. Ne3
Bd4 41. Kf3 Bxe3 42. fxe3 1/2-1/2

[Event "Moscow Open A 2016"]
[Site "Moscow RUS"]
[Date "2016.02.01"]
[Round "3.49"]
[White "Bigaliev, Renat"]
[Black "Uraev, Ivan"]
[Result "1-0"]
[WhiteTitle "IM"]
[BlackTitle "FM"]
[WhiteElo "2422"]
[BlackElo "2302"]
[WhiteFideId "4126289"]
[BlackFideId "4192443"]
[EventDate "2016.01.30"]

1. d4 Nf6 2. c4 e6 3. g3 c5 4. Nf3 cxd4 5. Nxd4 a6 6. Bg2 Qc7 7. b3 Bb4+ 8. Bd2
Be7 9. Nc3 d6 10. Rc1 Nbd7 11. O-O O-O 12. h3 Ne5 13. e4 Bd7 14. Be3 Rac8 15. f4
Ng6 16. Qd2 Qb8 17. a4 Bd8 18. Qf2 Ba5 19. Nde2 Bc6 20. g4 Nd7 21. h4 Ne7 22. f5
Ne5 23. Qg3 Kh8 24. Rcd1 Bc7 25. Nf4 Bd7 26. h5 Ng8 27. g5 d5 28. exd5 exf5 29.
c5 Ng4 30. d6 Bd8 31. h6 Nxe3 32. hxg7+ Kxg7 33. Nh5+ Kg6 34. Nf4+ Kg7 35. Qxe3
b6 36. Qd4+ f6 37. c6 Rxc6 38. Bxc6 Bxc6 39. Ne6+ Kf7 40. Nxd8+ 1-0

[Event "Moscow Open A 2016"]
[Site "Moscow RUS"]
[Date "2016.02.01"]
[Round "3.50"]
[White "Tsydypov, Zhamsaran"]
[Black "Mashkov, Sergey"]
[Result "1/2-1/2"]
[WhiteTitle "FM"]
[BlackTitle "FM"]
[WhiteElo "2420"]
[BlackElo "2301"]
[WhiteFideId "4108566"]
[BlackFideId "24102067"]
[EventDate "2016.01.30"]

1. e4 e5 2. Nf3 Nc6 3. Nc3 Nf6 4. Bb5 Nd4 5. Nxd4 exd4 6. e5 dxc3 7. exf6 Qxf6
8. dxc3 Qe5+ 9. Be2 Bc5 10. O-O O-O 11. Bd3 d5 12. Qf3 Bd6 13. g3 Be6 14. Bd2
Rfe8 15. Rfe1 Qf6 16. Qxf6 gxf6 17. Be3 Bg4 18. Kg2 Kg7 19. f3 Bd7 20. Re2 c5
21. Rd1 Rad8 22. Kf2 b6 23. Red2 Bc6 24. Bc4 dxc4 25. Rxd6 Rxd6 26. Rxd6 Re6 27.
Bf4 Rxd6 28. Bxd6 Bd7 29. Ke3 Bf5 30. Kd2 h5 31. Bb8 a6 32. a4 Bd7 33. Ba7 Bxa4
34. Bxb6 Bc6 35. Ke3 Ba4 36. Bxc5 Bxc2 37. Kd4 Bb3 38. Bb6 Kg6 39. Ke4 Bd1 40.
Kf4 f5 41. Bd8 Be2 42. Ke3 Bd1 43. f4 Bb3 44. Kd4 Ba2 45. Kc5 Bb3 46. Kb6 Kh7
47. Kxa6 Kg6 48. Kb5 Kh7 49. Kc5 Kg6 50. Kd5 Kh7 51. Bf6 Kg6 52. Bd8 Kh7 53. Bf6
Kg6 54. Bd4 Kh7 55. Kd6 Kg6 56. Ke7 Ba2 57. Kd6 Bb3 58. Kc5 Kh7 59. Kd6 Kg6 60.
Ke5 Ba2 61. Be3 Bb3 62. Bd4 Ba2 63. h3 Bb3 64. Bc5 Ba2 65. Bf8 Bb3 66. Be7 Ba2
67. Bc5 Bb3 68. Be3 Ba2 69. Bd2 Bb3 70. Bc1 Ba2 71. b4 cxb3 72. Bb2 Bb1 73. c4
h4 74. gxh4 Kh5 75. Kd4 Kxh4 76. Kc3 Kxh3 77. Kxb3 Kg3 78. Be5 Kf3 79. Kb2 Be4
80. Kc3 Ke3 81. Kb4 Ba8 82. Kc5 Kd3 83. Bg7 Ke4 84. Bh6 Kd3 85. Bg5 Kc3 86. Bf6+
Kd3 87. Bb2 Ke3 88. Bc1+ Kd3 89. Kb5 Ke4 90. Kc5 Kd3 91. Bb2 Ke3 92. Be5 Kd3 93.
Kb5 Ke4 94. Kc5 Kd3 1/2-1/2

[Event "Moscow Open A 2016"]
[Site "Moscow RUS"]
[Date "2016.02.01"]
[Round "3.51"]
[White "Kopylov, Alexander A."]
[Black "Komissarov, Alexey"]
[Result "1-0"]
[WhiteTitle "IM"]
[BlackTitle "FM"]
[WhiteElo "2401"]
[BlackElo "2292"]
[WhiteFideId "4164857"]
[BlackFideId "4176545"]
[EventDate "2016.01.30"]

1. d4 Nf6 2. g3 g6 3. Bg2 Bg7 4. e4 O-O 5. Ne2 c5 6. c3 d6 7. O-O Nbd7 8. h3 Rb8
9. a4 b6 10. Be3 Qc7 11. g4 Bb7 12. Ng3 Rfc8 13. Na3 a6 14. f4 Ba8 15. Qe2 cxd4
16. cxd4 b5 17. axb5 axb5 18. Rfc1 Qa5 19. Rxc8+ Rxc8 20. Qxb5 Qa7 21. Nc2 Qc7
22. Nb4 Ne8 23. Bf1 Qd8 24. Ra7 Ndf6 25. d5 Rb8 26. Qa4 Nc7 27. b3 Nxe4 28. Nxe4
Nxd5 29. Nxd5 Bxd5 30. Nd2 Bc3 31. Nc4 Rb4 32. Qa5 Qxa5 33. Rxa5 e6 34. Nxd6
Rxb3 35. Rb5 Bb4 36. Rb8+ Kg7 37. Ne8+ Kh6 38. g5+ 1-0

[Event "Moscow Open A 2016"]
[Site "Moscow RUS"]
[Date "2016.02.01"]
[Round "3.52"]
[White "Erzhanov, Arman"]
[Black "Vorontsov, Pavlo"]
[Result "1/2-1/2"]
[WhiteTitle "FM"]
[BlackTitle "IM"]
[WhiteElo "2304"]
[BlackElo "2395"]
[WhiteFideId "4138821"]
[BlackFideId "14116367"]
[EventDate "2016.01.30"]

1. e4 c5 2. Nf3 Nc6 3. Bb5 g6 4. O-O Bg7 5. c3 Nf6 6. Qe2 O-O 7. Rd1 d6 8. h3 e5
9. d3 h6 10. Nbd2 Bd7 11. a3 Qe7 12. b4 Nh5 13. Nf1 Kh8 14. Bc4 Rae8 15. Rb1 b6
16. Ne3 Nf4 17. Qf1 f5 18. Nd5 Nxd5 19. Bxd5 Qf6 20. Nh2 Ne7 21. c4 Nxd5 22.
cxd5 Ba4 23. Rd2 Rc8 24. Bb2 cxb4 25. axb4 fxe4 26. dxe4 Qf4 27. Qe2 Bb5 28. Qe1
Rc4 29. f3 h5 30. Bc1 Rfc8 31. Rd1 Qf7 32. Be3 Bf6 33. Rdc1 Qe7 34. Qd2 Kh7 35.
Nf1 Bh4 36. Ra1 R8c7 37. Rab1 Qd8 38. Ra1 Qd7 39. Qb2 Qc8 40. Rxc4 Bxc4 41. Ra3
Bb5 42. Qa1 a6 43. Bd2 Bd8 44. Qe1 Rc2 45. Qe3 g5 46. Ng3 1/2-1/2

[Event "Moscow Open A 2016"]
[Site "Moscow RUS"]
[Date "2016.02.01"]
[Round "3.53"]
[White "Petrosian, Davit G."]
[Black "Schekachikhin, Maksim"]
[Result "1/2-1/2"]
[WhiteTitle "GM"]
[BlackTitle "FM"]
[WhiteElo "2394"]
[BlackElo "2285"]
[WhiteFideId "13301349"]
[BlackFideId "24177830"]
[EventDate "2016.01.30"]

1. e4 e6 2. Nc3 d5 3. d4 Bb4 4. a3 Bxc3+ 5. bxc3 dxe4 6. Qg4 Nf6 7. Qxg7 Rg8 8.
Qh6 Nbd7 9. Ne2 b6 10. c4 Bb7 11. h3 Qe7 12. Qe3 O-O-O 13. a4 Nb8 14. Ba3 Qd7
15. Bb2 Ne8 16. Ng3 Nc6 17. O-O-O f5 18. Be2 Na5 19. d5 exd5 20. cxd5 Nd6 21.
Rd4 Qf7 22. Qd2 Qe7 23. Qf4 Qg5 24. Qxg5 Rxg5 25. Kb1 Re8 26. Bc1 e3 27. Bd3 f4
28. Rxf4 exf2 29. Ne2 Rxg2 30. Rf1 Bxd5 31. R1xf2 Rxf2 32. Rxf2 Bc4 33. Nd4 Bxd3
34. cxd3 c5 35. Nb5 Nxb5 36. axb5 Re7 37. Bg5 Rd7 38. Kc2 Kb7 39. h4 a6 40.
bxa6+ Kxa6 41. Bd2 Nc6 42. Bc3 Nd4+ 43. Kd2 b5 44. Rf6+ Kb7 45. Bxd4 Rxd4 46. h5
c4 47. Kc3 Rxd3+ 48. Kb4 Rb3+ 49. Kc5 c3 50. Rf7+ Ka6 51. Rf6+ Kb7 52. Rf7+ Ka6
53. Rf6+ Kb7 54. Rf7+ 1/2-1/2

[Event "Moscow Open A 2016"]
[Site "Moscow RUS"]
[Date "2016.02.01"]
[Round "3.54"]
[White "Bikuzhin, Maksim"]
[Black "Khanin, Semen"]
[Result "0-1"]
[WhiteTitle "FM"]
[BlackTitle "IM"]
[WhiteElo "2301"]
[BlackElo "2393"]
[WhiteFideId "24128015"]
[BlackFideId "4111990"]
[EventDate "2016.01.30"]

1. e4 e5 2. Nf3 Nc6 3. Bc4 Bc5 4. c3 Nf6 5. d4 exd4 6. e5 d5 7. Be2 Ne4 8. cxd4
Bb4+ 9. Bd2 Be7 10. O-O Be6 11. Be3 f6 12. Nbd2 O-O 13. Bb5 f5 14. Nb3 f4 15.
Bd2 Nb8 16. Rc1 c6 17. Be2 Nd7 18. Ne1 a5 19. Nd3 g5 20. Bc3 a4 21. Nd2 Bf5 22.
f3 Nxc3 23. bxc3 b5 24. Rf2 Qb6 25. Rb1 c5 26. c4 dxc4 27. Nxc4 Qc6 28. d5 Qxd5
29. Rxb5 Qxc4 30. Nxc5 Qc3 31. Nxd7 Rad8 32. Qd5+ Kh8 33. e6 Qe1+ 34. Bf1 Bxe6
35. Qe5+ Qxe5 36. Nxe5 Rd1 37. Rc2 Rc8 38. Rxc8+ Bxc8 39. Nd3 Ba6 0-1

[Event "Moscow Open A 2016"]
[Site "Moscow RUS"]
[Date "2016.02.01"]
[Round "3.55"]
[White "Bublei, Pavel"]
[Black "Samdanov, Samdan"]
[Result "1-0"]
[WhiteTitle "FM"]
[BlackTitle "FM"]
[WhiteElo "2391"]
[BlackElo "2250"]
[WhiteFideId "24112593"]
[BlackFideId "4188101"]
[EventDate "2016.01.30"]

1. d4 d5 2. c4 e6 3. Nc3 Be7 4. Bf4 Nf6 5. e3 O-O 6. Nf3 b6 7. Bd3 dxc4 8. Bxc4
Bb7 9. O-O a6 10. a3 b5 11. Bd3 c5 12. dxc5 Bxc5 13. Qe2 Nbd7 14. Rfd1 Qb6 15.
b4 Be7 16. e4 Rac8 17. Rac1 Qa7 18. h3 Rfe8 19. Bb1 Qa8 20. Qe3 Bd8 21. Ne5 Nxe5
22. Bxe5 Be7 23. Bd4 Red8 24. f3 Nd7 25. e5 Nf8 26. Ne4 Rxc1 27. Rxc1 Ng6 28.
Bc5 Bxc5 29. Nxc5 Bd5 30. Bxg6 hxg6 31. Qg5 Rc8 32. Rd1 a5 33. Kh2 axb4 34. axb4
Qa3 35. Rd4 Ra8 36. Rh4 Qa7 37. Rf4 Qc7 38. h4 Qd8 39. Qg3 Ra2 40. Rd4 Qe7 41.
Rg4 Kh8 42. h5 g5 43. Rxg5 Bxf3 44. Qf4 Bd5 45. Rg3 Rc2 46. Qg4 f5 47. exf6 Qxf6
48. Nd7 Qh6 49. Qh4 Rc8 50. Rg6 Qh7 51. Nf6 Rc4 52. Qg5 1-0

[Event "Moscow Open A 2016"]
[Site "Moscow RUS"]
[Date "2016.02.01"]
[Round "3.56"]
[White "Galaktionov, Artem"]
[Black "Vakhlamov, Igor L."]
[Result "0-1"]
[BlackTitle "FM"]
[WhiteElo "2285"]
[BlackElo "2390"]
[WhiteFideId "24175471"]
[BlackFideId "24126748"]
[EventDate "2016.01.30"]

1. d4 Nf6 2. Nf3 e6 3. c4 c5 4. d5 b5 5. Bg5 exd5 6. cxd5 d6 7. e4 a6 8. a4 Be7
9. Bxf6 Bxf6 10. axb5 Bxb2 11. Ra2 Bf6 12. bxa6 Qb6 13. Bd3 O-O 14. O-O Bxa6 15.
Bxa6 Rxa6 16. Qc2 Nd7 17. Nbd2 Rfa8 18. Rxa6 Qxa6 19. Nc4 Rb8 20. g3 Rb4 21. Rc1
g6 22. h4 h5 23. Kg2 Bg7 24. Ne3 Rb2 25. Qc4 Qa3 26. Nc2 Qa5 27. Qd3 Qa4 28. Ne3
Bh6 29. Rc3 Bxe3 30. Qxe3 Nf6 31. Nd2 Rxd2 32. Qxd2 Nxe4 33. Qc2 Nxc3 34. Qxc3
Qe4+ 35. f3 Qxd5 36. Qf6 Qe5 37. Qd8+ Kg7 38. g4 d5 39. g5 d4 40. Qd7 c4 41. Qc6
c3 42. Qc4 Qf4 43. Qc5 Qe3 44. Qc6 Qe2+ 45. Kg1 c2 46. Qf6+ Kg8 47. Qd8+ Kh7 48.
Qc7 Kg7 49. Qc6 Qe3+ 50. Kg2 c1=Q 51. Qf6+ Kg8 0-1

[Event "Moscow Open A 2016"]
[Site "Moscow RUS"]
[Date "2016.02.01"]
[Round "3.57"]
[White "Giannoulakis, Labros"]
[Black "Agmanov, Zhandos"]
[Result "0-1"]
[WhiteElo "2272"]
[BlackElo "2389"]
[WhiteFideId "4247019"]
[BlackFideId "13708309"]
[EventDate "2016.01.30"]

1. d4 Nf6 2. c4 e6 3. Nc3 Bb4 4. e3 d5 5. Bd3 O-O 6. Nf3 c5 7. O-O dxc4 8. Bxc4
Qc7 9. Nb5 Qe7 10. a3 Ba5 11. dxc5 Qxc5 12. Qe2 Qe7 13. b4 Bb6 14. e4 e5 15. Nc3
Bg4 16. Bg5 Nc6 17. Nd5 Qd6 18. Nxb6 axb6 19. Rad1 Qe7 20. Qe3 h6 21. Bh4 Bxf3
22. gxf3 g5 23. b5 Rxa3 24. Bd3 Nd4 25. Bxg5 Nxf3+ 26. Qxf3 hxg5 27. Qf5 Nh7 28.
Bc4 Qf6 29. Rd7 Qxf5 30. exf5 Rc3 31. Ba2 Rc2 32. Bb1 Rb2 33. Rd5 Re8 34. Rfd1
Kg7 35. Bd3 Nf6 36. Rd6 Ng4 37. f6+ Nxf6 38. Rxb6 Rd8 39. Kf1 Nd5 40. Be2 Rd7
41. Rxb7 Rxb7 42. Rxd5 f6 43. Bd3 e4 44. Bxe4 R2xb5 45. Rd2 Re7 46. Bc6 Rc5 47.
Bf3 f5 48. h3 Kf6 49. Kg2 Re6 50. Kg3 Rc3 51. Kg2 Rb6 52. Bd1 Ra6 53. Be2 Ra7
54. Rd6+ Ke5 55. Rb6 Ra2 56. Rb5+ Kf6 57. Rb6+ Ke7 58. Rb7+ Kd6 59. Bf3 Rcc2 60.
Rb6+ Kc7 61. Rb7+ Kc8 62. Rg7 Rxf2+ 63. Kg3 f4+ 64. Kg4 Ra3 65. Bd5 Rg3+ 66. Kf5
Re2 67. Bc4 Rc2 68. Ba6+ Kb8 69. h4 gxh4 70. Rb7+ Ka8 71. Rh7 f3 72. Rxh4 f2 73.
Rf4 Ra2 74. Bc4 Rb2 75. Ke5 Ka7 76. Kd4 Rc2 77. Rf7+ Kb6 78. Bf1 Ra2 79. Rf6+
Kc7 80. Bb5 Ra5 81. Be8 Rg4+ 82. Kd3 Ra3+ 83. Kd2 f1=Q 0-1

[Event "Moscow Open A 2016"]
[Site "Moscow RUS"]
[Date "2016.02.01"]
[Round "3.58"]
[White "Amerzianov, Timur"]
[Black "Demianjuk, Alexander"]
[Result "1-0"]
[WhiteElo "2269"]
[BlackElo "2388"]
[WhiteFideId "24136182"]
[BlackFideId "4134249"]
[EventDate "2016.01.30"]

1. e4 c5 2. Nf3 d6 3. c3 Nf6 4. Be2 e6 5. O-O Be7 6. e5 dxe5 7. Nxe5 Nbd7 8. d4
cxd4 9. cxd4 Nd5 10. Bf3 O-O 11. Qb3 N7b6 12. Nc3 a5 13. Bd2 a4 14. Qb5 a3 15.
Nxd5 Nxd5 16. b3 Ra6 17. Rac1 f6 18. Ng4 Rb6 19. Qd3 Rc6 20. Ne3 Rxc1 21. Rxc1
Nb4 22. Qc4 b5 23. Qxb5 Qxd4 24. Bc3 Qd3 25. Qxd3 Nxd3 26. Rd1 Ba6 27. Be2 Nc5
28. Bxa6 Nxa6 29. Rd7 Rc8 30. Nc4 Bc5 31. Kf1 Nc7 32. b4 Nd5 33. bxc5 Nxc3 34.
Nd6 Rb8 35. g3 h5 36. c6 Nd5 37. c7 Nxc7 38. Rxc7 Rb2 39. Ra7 Rxa2 40. Nb5 h4
41. Rxa3 Rb2 42. Nc3 hxg3 43. hxg3 Rb7 44. Ra6 e5 45. Ne4 Kh7 46. g4 Rb4 47. f3
Rb2 48. Nd6 Kg6 49. Nf5 Rd2 50. f4 Rd7 51. fxe5 1-0

[Event "Moscow Open A 2016"]
[Site "Moscow RUS"]
[Date "2016.02.01"]
[Round "3.59"]
[White "Kazakovskiy, Valeriy"]
[Black "Ovchinnikov, Vsevolod"]
[Result "1/2-1/2"]
[WhiteTitle "IM"]
[BlackTitle "FM"]
[WhiteElo "2387"]
[BlackElo "2248"]
[WhiteFideId "13507443"]
[BlackFideId "24176842"]
[EventDate "2016.01.30"]

1. Nf3 Nf6 2. c4 c5 3. g3 b6 4. Bg2 Bb7 5. O-O e6 6. Nc3 Be7 7. Re1 d6 8. e4 a6
9. d4 cxd4 10. Nxd4 Qc7 11. Be3 Nbd7 12. Rc1 Rc8 13. f4 Qb8 14. Nd5 exd5 15.
exd5 O-O 16. Nc6 Bxc6 17. dxc6 Ne5 18. fxe5 dxe5 19. Qb3 Bd8 20. Bd5 Ng4 21. Bd2
Be7 22. Qf3 Bc5+ 23. Kg2 Nf6 24. Bc3 Rfe8 25. Rcd1 Nxd5 26. Qxd5 Qa8 27. b4 Bf8
28. b5 Rcd8 29. Qf3 Rxd1 30. Rxd1 axb5 31. cxb5 Qxa2+ 32. Rd2 Qc4 33. Qd3 Qc5
34. Bb2 e4 35. Qd5 e3 36. Qxc5 Bxc5 37. Re2 f6 38. Kf3 Kf7 39. Bc1 Re7 40. Bxe3
Bxe3 41. Rxe3 Rxe3+ 42. Kxe3 Ke6 43. Kf4 g6 44. Ke4 Kd6 45. h3 Ke6 46. h4 Kd6
47. c7 Kd7 48. Kd5 Kxc7 49. Ke6 f5 50. Ke7 Kc8 51. Kf6 Kd7 52. Kf7 Kd6 53. Kg7
Ke7 54. Kh6 Kf6 55. Kxh7 Kf7 56. Kh8 Kf8 57. Kh7 1/2-1/2